[Event "Piestany Slovakia op-A"]
[Site "Piestany"]
[Date "2025.07.12"]
[Round "5"]
[White "Ernst, Robert"]
[Black "Skreko, Igor1"]
[Result "0-1"]
[WhiteElo "2334"]
[BlackElo "2199"]
[PlyCount "96"]
[EventDate "2025.07.08"]
[EventType "swiss"]
[EventRounds "9"]
[EventCountry "SVK"]
[SourceTitle "CB29_2025"]
[SourceDate "2025.07.16"]
[SourceVersion "1"]
[SourceVersionDate "2025.07.16"]
[SourceQuality "1"]

1. e4 c5 2. Nf3 d6 3. d4 cxd4 4. Nxd4 Nf6 5. Nc3 a6 6. Be3 e5 7. Nb3 Be6 8. h3 Nbd7 9. g4 h6 10. Qd2 Be7 11. 0-0-0 Rc8 12. Kb1 b5 13. f3 Nb6 14. Qf2 Nfd7 15. Nd5 Bxd5 16. exd5 Nc4 17. f4 Bh4 18. Qf3 0-0 19. f5 Ndb6 20. Bc1 Na4 21. Nd2 Bg5 22. Bxc4 bxc4 23. Ne4 Bxc1 24. Rxc1 Qb6 25. Qa3 Rb8 26. b3 cxb3 27. axb3 Qd4 28. Rhe1 Rfc8 29. Rcd1 Nc3+ 30. Nxc3 Qxc3 31. Qb2 Qxh3 32. Re4 h5 33. gxh5 Qxf5 34. Rh4 a5 35. Rg1 Rb4 36. Rxb4 axb4 37. h6 g6 38. Qc1 Qf4 39. Qd1 Qxh6 40. Qg4 Rb8 41. Qd7 Qf8 42. Rg4 Re8 43. Re4 Qe7 44. Qc6 Kg7 45. Qa4 Rh8 46. Rxb4 Rh1+ 47. Ka2 Qg5 48. Qa3 Qd2 0-1

[Event "Pula op 37th"]
[Site "Pula"]
[Date "2025.06.22"]
[Round "8"]
[White "Ernst, Robert"]
[Black "Furman, Boris"]
[Result "1-0"]
[WhiteElo "2340"]
[BlackElo "2137"]
[PlyCount "83"]
[EventDate "2025.06.15"]
[EventType "swiss"]
[EventRounds "9"]
[EventCountry "CRO"]
[SourceTitle "CB26_2025"]
[SourceDate "2025.06.25"]
[SourceVersion "1"]
[SourceVersionDate "2025.06.25"]
[SourceQuality "1"]

1. e4 c5 2. Nf3 Nc6 3. d4 cxd4 4. Nxd4 Nf6 5. Nc3 d6 6. Bg5 e6 7. Qd2 Be7 8. 0-0-0 0-0 9. f4 d5 10. e5 Nd7 11. h4 Nxd4 12. Bxe7 Qxe7 13. Qxd4 f6 14. exf6 Qxf6 15. g3 Qxd4 16. Rxd4 Nb6 17. a4 a5 18. Bd3 Bd7 19. Re1 Rae8 20. b3 Bc6 21. Bf1 Re7 22. Rdd1 Rfe8 23. Nb5 e5 24. Nd6 Rf8 25. Rxe5 Rxe5 26. fxe5 Rf3 27. Re1 Kf8 28. Bg2 Rf2 29. Rf1 Rxf1+ 30. Bxf1 Nd7 31. Bb5 Nc5 32. Bxc6 bxc6 33. Kd2 Ke7 34. Nf5+ Kd7 35. Nxg7 Ne4+ 36. Ke3 Nxg3 37. b4 axb4 38. a5 Ne4 39. e6+ Ke7 40. a6 Nd6 41. Nf5+ Nxf5+ 42. Kf2 1-0

[Event "Pula op 37th"]
[Site "Pula"]
[Date "2025.06.17"]
[Round "3"]
[White "Boudry, William"]
[Black "Ernst, Robert"]
[Result "1-0"]
[WhiteElo "2127"]
[BlackElo "2340"]
[PlyCount "69"]
[EventDate "2025.06.15"]
[EventType "swiss"]
[EventRounds "9"]
[EventCountry "CRO"]
[SourceTitle "CB26_2025"]
[SourceDate "2025.06.25"]
[SourceVersion "1"]
[SourceVersionDate "2025.06.25"]
[SourceQuality "1"]

1. Nf3 d5 2. g3 Nf6 3. Bg2 e6 4. 0-0 Be7 5. d3 c5 6. Nbd2 Nc6 7. e4 0-0 8. Re1 b5 9. e5 Nd7 10. Nf1 a5 11. h4 a4 12. a3 b4 13. h5 h6 14. Bf4 bxa3 15. bxa3 Ba6 16. N1h2 Re8 17. Ng4 Bf8 18. Qd2 Rb8 19. Bxh6 gxh6 20. Nxh6+ Bxh6 21. Qxh6 Nf8 22. Ng5 Nd4 23. g4 Nxc2 24. Be4 dxe4 25. Nxe4 f5 26. Nf6+ Kf7 27. g5 Qd4 28. Rab1 Nb4 29. axb4 Bxd3 30. Rbd1 Rxb4 31. g6+ Ke7 32. Qg7+ Kd8 33. Qf7 Rb2 34. Qxe8+ Kc7 35. Qe7+ 1-0

[Event "Pula op 37th"]
[Site "Pula"]
[Date "2025.06.16"]
[Round "2"]
[White "Ernst, Robert"]
[Black "Zuzek, Bor"]
[Result "1-0"]
[WhiteElo "2340"]
[BlackElo "2074"]
[PlyCount "80"]
[EventDate "2025.06.15"]
[EventType "swiss"]
[EventRounds "9"]
[EventCountry "CRO"]
[SourceTitle "CB26_2025"]
[SourceDate "2025.06.25"]
[SourceVersion "1"]
[SourceVersionDate "2025.06.25"]
[SourceQuality "1"]

1. e4 c5 2. Nf3 d6 3. d4 Nf6 4. Nc3 cxd4 5. Nxd4 a6 6. f4 e5 7. Nf3 Nbd7 8. a4 Be7 9. Bc4 0-0 10. 0-0 Qc7 11. Qe2 exf4 12. Bxf4 Ne5 13. Bb3 Be6 14. Nd4 Bg4 15. Qf2 Nc6 16. Nf5 Bxf5 17. exf5 Qa5 18. Bd2 Qc5 19. Be3 Qa5 20. h3 d5 21. Bb6 Qb4 22. Nxd5 Nxd5 23. Bxd5 Qxb2 24. Bxc6 bxc6 25. Bd4 Qb7 26. f6 Bd6 27. fxg7 Rfe8 28. Rab1 Qc7 29. Bb6 Qe7 30. Rb3 Rab8 31. Re3 Qb7 32. a5 Rxe3 33. Qxe3 Qe7 34. Qxe7 Bxe7 35. Rd1 Rb7 36. Rd3 Kxg7 37. Rc3 Rd7 38. Rxc6 Rd1+ 39. Kf2 Bb4 40. c3 Rc1 1-0

[Event "Titled Tuesday intern op 06th May Early"]
[Site "Chess.com INT"]
[Date "2025.05.06"]
[Round "2"]
[White "Ernst, Robert"]
[Black "Shimanov, Aleksandr"]
[Result "0-1"]
[WhiteElo "2340"]
[BlackElo "2578"]
[PlyCount "49"]
[EventDate "2025.05.06"]
[EventType "swiss (blitz)"]
[EventRounds "11"]
[EventCountry "USA"]
[SourceTitle "CB20_2025"]
[SourceDate "2025.05.14"]
[SourceVersion "1"]
[SourceVersionDate "2025.05.14"]
[SourceQuality "1"]

1. Nf3 d5 2. b3 c5 3. Bb2 f6 4. d3 e5 5. e4 d4 6. g3 Nc6 7. Bg2 Be6 8. 0-0 Bd6 9. Na3 Nge7 10. Nc4 Bc7 11. a4 b6 12. Ne1 g5 13. Bc1 Ng6 14. Qh5 Bf7 15. Qe2 Qd7 16. Bd2 h5 17. Nf3 h4 18. c3 g4 19. Nxh4 Nxh4 20. gxh4 Rxh4 21. f4 dxc3 22. Bxc3 exf4 23. Bxf6 f3 24. Qf2 Bxh2+ 25. Kh1 0-1

[Event "Titled Tuesday intern op 06th May Early"]
[Site "Chess.com INT"]
[Date "2025.05.06"]
[Round "11"]
[White "Kacharava, Nikoloz"]
[Black "Ernst, Robert"]
[Result "1-0"]
[WhiteElo "2516"]
[BlackElo "2340"]
[PlyCount "31"]
[EventDate "2025.05.06"]
[EventType "swiss (blitz)"]
[EventRounds "11"]
[EventCountry "USA"]
[SourceTitle "CB20_2025"]
[SourceDate "2025.05.14"]
[SourceVersion "1"]
[SourceVersionDate "2025.05.14"]
[SourceQuality "1"]

1. e4 c5 2. Nf3 Nc6 3. Bc4 e6 4. 0-0 d5 5. exd5 exd5 6. Bb5 Bd6 7. d4 cxd4 8. Nxd4 Nge7 9. Bg5 Qc7 10. Bxe7 Bxe7 11. Nxc6 bxc6 12. Qxd5 0-0 13. Qxc6 Qb8 14. Bd3 Qxb2 15. Qxa8 Qxa1 16. Qe4 1-0

[Event "Titled Tuesday intern op 06th May Early"]
[Site "Chess.com INT"]
[Date "2025.05.06"]
[Round "8"]
[White "Vafin, Ayrat"]
[Black "Ernst, Robert"]
[Result "0-1"]
[WhiteElo "2302"]
[BlackElo "2340"]
[PlyCount "80"]
[EventDate "2025.05.06"]
[EventType "swiss (blitz)"]
[EventRounds "11"]
[EventCountry "USA"]
[SourceTitle "CB20_2025"]
[SourceDate "2025.05.14"]
[SourceVersion "1"]
[SourceVersionDate "2025.05.14"]
[SourceQuality "1"]

1. Nf3 Nf6 2. g3 g6 3. Bg2 Bg7 4. 0-0 0-0 5. c4 c6 6. d4 d5 7. cxd5 cxd5 8. Ne5 Nfd7 9. Nf3 Nc6 10. Nc3 e6 11. b3 b6 12. Ba3 Re8 13. Nb5 Bf8 14. Bxf8 Nxf8 15. Rc1 Bb7 16. Ne5 a6 17. Nc3 Nxe5 18. dxe5 Rc8 19. Na4 Nd7 20. f4 Qe7 21. Qd4 b5 22. Nb6 Nxb6 23. Qxb6 b4 24. Rfd1 Kg7 25. Qd4 a5 26. e3 Ba6 27. Bf1 Bxf1 28. Kxf1 Qb7 29. Kf2 Rc7 30. Rxc7 Qxc7 31. Rd2 Rc8 32. g4 Qc1 33. f5 Qh1 34. f6+ Kg8 35. Kg3 h6 36. e4 Rc1 37. exd5 Rg1+ 38. Kh4 Qf3 39. dxe6 g5+ 40. Kh5 Qh3# 0-1

[Event "Karlsruhe Grenke op"]
[Site "Karlsruhe"]
[Date "2025.04.19"]
[Round "4"]
[White "Jacobson, Brandon"]
[Black "Ernst, Robert"]
[Result "1-0"]
[WhiteElo "2570"]
[BlackElo "2378"]
[PlyCount "99"]
[EventDate "2025.04.17"]
[EventType "swiss"]
[EventRounds "9"]
[EventCountry "GER"]
[SourceTitle "CB17_2025"]
[SourceDate "2025.04.23"]
[SourceVersion "1"]
[SourceVersionDate "2025.04.23"]
[SourceQuality "1"]

1. c4 c6 2. Nf3 d5 3. e3 Nf6 4. Qc2 g6 5. b3 Bg7 6. Bb2 0-0 7. Be2 Bg4 8. d3 Nbd7 9. Nbd2 Re8 10. h3 Bxf3 11. Nxf3 e5 12. cxd5 cxd5 13. 0-0 Bf8 14. Rfc1 Bd6 15. Bf1 Qe7 16. a3 Rad8 17. b4 a6 18. Nd2 Bb8 19. g3 h5 20. Bg2 Qd6 21. Kf1 Nf8 22. Qb3 Qd7 23. Nf3 N8h7 24. Kg1 Qd6 25. b5 e4 26. dxe4 dxe4 27. Rd1 Qb6 28. Rxd8 Rxd8 29. Bd4 Qd6 30. Ne5 Qd5 31. Qxd5 Rxd5 32. bxa6 bxa6 33. Nc6 Bd6 34. Bf1 a5 35. a4 Bc5 36. Rc1 Ba3 37. Rb1 Rf5 38. Rb8+ Kg7 39. h4 Kh6 40. Rb5 Rxb5 41. axb5 a4 42. b6 Bd6 43. b7 Nd7 44. Bb5 a3 45. Nd8 Ne5 46. Bxe5 Bxe5 47. Nxf7+ Kg7 48. Nxe5 a2 49. b8Q a1Q+ 50. Kg2 1-0

[Event "Titled Tuesday intern op 04th Mar Early"]
[Site "Chess.com INT"]
[Date "2025.03.04"]
[Round "3"]
[White "Ernst, Robert"]
[Black "Gelman, Alexander"]
[Result "0-1"]
[WhiteElo "2359"]
[BlackElo "2403"]
[PlyCount "64"]
[EventDate "2025.03.04"]
[EventType "swiss (blitz)"]
[EventRounds "11"]
[EventCountry "USA"]
[SourceTitle "CB11_2025"]
[SourceDate "2025.03.12"]
[SourceVersion "1"]
[SourceVersionDate "2025.03.12"]
[SourceQuality "1"]

1. d4 Nf6 2. Nf3 c5 3. e3 d6 4. b3 Nbd7 5. Bb2 e6 6. Bd3 b6 7. 0-0 Bb7 8. Nbd2 a6 9. c4 Rg8 10. e4 cxd4 11. Nxd4 g5 12. Re1 g4 13. Kh1 h5 14. b4 h4 15. Qb3 Bh6 16. Rad1 g3 17. fxg3 Ng4 18. N2f3 hxg3 19. h3 Nf2+ 20. Kg1 Nxd1 21. Qxd1 Qc7 22. Nh4 Ne5 23. Qa4+ b5 24. cxb5 Nxd3 25. bxa6+ Ke7 26. Nhf5+ exf5 27. Nxf5+ Kf8 28. Re2 Rxa6 29. Qd1 Nxb2 30. Rxb2 Bf4 31. Rc2 Qb6+ 32. Kh1 Ra8 0-1

[Event "Titled Tuesday intern op 04th Mar Early"]
[Site "Chess.com INT"]
[Date "2025.03.04"]
[Round "2"]
[White "Principe, Gerson"]
[Black "Ernst, Robert"]
[Result "1-0"]
[WhiteElo "2144"]
[BlackElo "2359"]
[PlyCount "67"]
[EventDate "2025.03.04"]
[EventType "swiss (blitz)"]
[EventRounds "11"]
[EventCountry "USA"]
[SourceTitle "CB11_2025"]
[SourceDate "2025.03.12"]
[SourceVersion "1"]
[SourceVersionDate "2025.03.12"]
[SourceQuality "1"]

1. d4 Nf6 2. Nf3 e6 3. c4 Bb4+ 4. Bd2 a5 5. Nc3 d5 6. e3 0-0 7. Bd3 b6 8. a3 Be7 9. 0-0 Bb7 10. Rc1 c5 11. cxd5 Nxd5 12. Ne4 Nd7 13. Qe2 Rc8 14. Rfd1 h6 15. Ng3 cxd4 16. Nxd4 Nc5 17. Bb5 Bf6 18. Qg4 Kh8 19. Nh5 Qe7 20. b4 axb4 21. axb4 Nd7 22. Nc6 Bxc6 23. Bxc6 Ne5 24. Qe4 Rxc6 25. Nxf6 Qxf6 26. b5 Rxc1 27. Rxc1 Nd7 28. Qc4 Nc5 29. e4 Nc7 30. Be3 Qe7 31. Qb4 e5 32. Rxc5 Ne6 33. Rc4 Qd7 34. Rc1 1-0

[Event "Titled Tuesday intern op 25th Feb Early"]
[Site "Chess.com INT"]
[Date "2025.02.25"]
[Round "4"]
[White "Zepeda Berlanga, Jan Enrique"]
[Black "Ernst, Robert"]
[Result "0-1"]
[WhiteElo "1979"]
[BlackElo "2380"]
[PlyCount "96"]
[EventDate "2025.02.25"]
[EventType "swiss (blitz)"]
[EventRounds "11"]
[EventCountry "USA"]
[SourceTitle "CB10_2025"]
[SourceDate "2025.03.05"]
[SourceVersion "1"]
[SourceVersionDate "2025.03.05"]
[SourceQuality "1"]

1. e4 e5 2. Nc3 Nf6 3. f4 d5 4. fxe5 Nxe4 5. Qf3 Nxc3 6. bxc3 c5 7. d4 Nc6 8. Ne2 Be6 9. Be3 Rc8 10. Kf2 cxd4 11. cxd4 Nb4 12. Rc1 Rxc2 13. Rxc2 Nxc2 14. Nf4 Qa5 15. Bd3 Nxe3 16. Kxe3 Be7 17. Nxe6 fxe6 18. Qh5+ Kd7 19. Rb1 g6 20. Qg4 Bd8 21. Rxb7+ Bc7 22. Bb5+ Kc8 23. Rxc7+ Kxc7 24. Bd3 Qb6 25. Qf4 Qc6 26. Qf7+ Qd7 27. Qf6 Rb8 28. Qg5 Kc6 29. Qg4 Kc7 30. Qd1 Kd8 31. Qc2 Ke7 32. h4 Rc8 33. Qf2 Qe8 34. Qf6+ Kd7 35. h5 Qe7 36. Qf1 gxh5 37. Qb1 Ke8 38. Bxh7 Qg5+ 39. Kf2 Qf4+ 40. Kg1 Rc1+ 41. Qxc1 Qxc1+ 42. Kh2 Qd2 43. Kh3 Qxd4 44. Kh2 Qxe5+ 45. Kh3 d4 46. g3 Qe3 47. Bg6+ Ke7 48. Bxh5 d3 0-1

[Event "Titled Tuesday intern op 11th Feb Early"]
[Site "Chess.com INT"]
[Date "2025.02.11"]
[Round "10"]
[White "Eid, Fadi"]
[Black "Ernst, Robert"]
[Result "1-0"]
[WhiteElo "2323"]
[BlackElo "2380"]
[PlyCount "65"]
[EventDate "2025.02.11"]
[EventType "swiss (blitz)"]
[EventRounds "11"]
[EventCountry "USA"]
[SourceTitle "CB09_2025"]
[SourceDate "2025.02.27"]
[SourceVersion "1"]
[SourceVersionDate "2025.02.27"]
[SourceQuality "1"]

1. e4 c5 2. Nf3 a6 3. Nc3 e6 4. d4 cxd4 5. Nxd4 Qc7 6. g3 b5 7. Bg2 Bb7 8. 0-0 Nf6 9. Re1 d6 10. a4 b4 11. Nd5 exd5 12. exd5+ Kd8 13. Bg5 Nbd7 14. Nc6+ Bxc6 15. dxc6 Nc5 16. Qd4 Be7 17. Rad1 Ne6 18. Qxb4 Nxg5 19. h4 Ne6 20. Qc4 Re8 21. b4 Bf8 22. b5 axb5 23. axb5 Nc5 24. Rxe8+ Nxe8 25. Qxc5 Rb8 26. c4 Qa5 27. Qd5 Qa4 28. Bf3 f6 29. Re1 Be7 30. Bg4 Qa7 31. Bd7 Rb7 32. Bxe8 Kxe8 33. cxb7 1-0